[Event "Campionatul National de sah al Romaniei"]
[Site "Baile Felix"]
[Date "2017.02.02"]
[Round "1.4"]
[White "Ion, Dragos-Cosmin"]
[Black "Carasca, Bogdan-Petru"]
[Result "0-1"]
[WhiteElo "1843"]
[BlackElo "2060"]
[PlyCount "174"]
[EventDate "2017.02.02"]
[EventRounds "9"]

1. d4 Nf6 2. c4 c5 3. d5 e6 4. Nc3 exd5 5. cxd5 d6 6. Nf3 g6 7. Bf4 Bg7 8. Qa4+
Bd7 9. Qb3 Qc7 10. e4 O-O 11. Nd2 Nh5 12. Be3 f5 13. exf5 gxf5 14. Be2 Be8 15.
Qc4 f4 16. Bxh5 fxe3 17. fxe3 Qe7 18. Bxe8 Qxe3+ 19. Qe2 Rxe8 20. Qxe3 Rxe3+
21. Kf2 Re7 22. Nf3 Nd7 23. Rhe1 Ne5 24. Rad1 Rf7 25. Ne4 Raf8 26. Nxd6 Nxf3
27. gxf3 Rxf3+ 28. Kg2 Rf2+ 29. Kh1 Rxb2 30. Nc4 Rc2 31. Ne3 Rxa2 32. d6 Bd4
33. Nd5 Rd8 34. Ne7+ Kf7 35. Nf5 Ra4 36. Re7+ Kf6 37. Rf1 Ra1 38. Rxa1 Bxa1 39.
Ng3 Rxd6 40. Rxb7 Rd1+ 41. Kg2 Rd2+ 42. Kh3 Ke5 43. Re7+ Kd6 44. Rxa7 Rd1 45.
Ne4+ Kc6 46. Nxc5 Kxc5 47. Rxh7 Rg1 48. Rh4 Kd5 49. Rg4 Rf1 50. Kg2 Rf8 51. h3
Be5 52. h4 Bf4 53. h5 Ke4 54. h6 Rh8 55. Rh4 Rh7 56. Rh5 Bxh6 57. Kh3 Kf4 58.
Rh4+ Kg5 59. Rg4+ Kh5 60. Rh4+ Kg6 61. Rg4+ Bg5+ 62. Kg3 Re7 63. Rc4 Kh5 64.
Rc5 Re3+ 65. Kf2 Ra3 66. Rb5 Kg4 67. Rb4+ Bf4 68. Rc4 Ra2+ 69. Ke1 Kf3 70. Kd1
Ke3 71. Rc3+ Kd4 72. Rc2 Ra4 73. Ke2 Ke4 74. Rb2 Be5 75. Rc2 Bd4 76. Rd2 Ra7
77. Rc2 Rf7 78. Kd1 Rf1+ 79. Ke2 Rh1 80. Rd2 Be3 81. Rc2 Rh3 82. Rc4+ Bd4 83.
Rc2 Bc3 84. Kf1 Kd3 85. Ra2 Ke4 86. Ra4+ Kf3 87. Kg1 Bd2 0-1

[Event "NYCC Romania 2016 Open U18 Team"]
[Site "Iasi"]
[Date "2016.07.30"]
[Round "4.3"]
[White "Tiron, Lucian Ilie"]
[Black "Ion, Dragos-Cosmin"]
[Result "1/2-1/2"]
[WhiteElo "1983"]
[BlackElo "1772"]
[PlyCount "104"]
[EventDate "2016.07.27"]
[EventType "team"]
[EventRounds "6"]
[WhiteTeam "Cs Politehnica Iasi"]
[BlackTeam "CSM Focsani 2007"]

1. e4 c5 2. Nc3 g6 3. f4 Bg7 4. Nf3 Nc6 5. Bc4 e6 6. O-O Nge7 7. e5 d5 8. Bb5
O-O 9. Bxc6 Nxc6 10. d3 a6 11. Na4 Qe7 12. c4 d4 13. Ng5 b5 14. Nb6 Rb8 15.
Nxc8 Rfxc8 16. b3 Qd8 17. Ne4 Rc7 18. Nxc5 Nb4 19. Ne4 bxc4 20. bxc4 Rcb7 21.
Nd6 Rb6 22. Ba3 Bf8 23. Ne4 Be7 24. Bxb4 Rxb4 25. Qc2 Rb2 26. Qa4 a5 27. Rf2
R8b4 28. Qc6 Rb6 29. Qa4 Kg7 30. Raf1 R6b4 31. Qc6 Rb6 32. Qa4 R6b4 33. Qc6 Rb6
34. Qa4 R6b4 35. Qd1 Qb8 36. Rxb2 Rxb2 37. Qa4 Rb1 38. Qxa5 Rxf1+ 39. Kxf1 Qb1+
40. Ke2 Qg1 41. Qd2 Qxg2+ 42. Kd1 Qf1+ 43. Kc2 Qa1 44. Qa5 Qf1 45. Qd2 Qa1 46.
Qa5 Qf1 47. c5 Qxf4 48. c6 Qxh2+ 49. Nd2 Qg2 50. c7 Qc6+ 51. Nc4 Bc5 52. Kb3 h5
1/2-1/2

[Event "NYCC Romania 2016 Open U18 Team"]
[Site "Iasi"]
[Date "2016.07.29"]
[Round "3.3"]
[White "Proca, Andrei-Leonardo"]
[Black "Ion, Dragos-Cosmin"]
[Result "0-1"]
[WhiteElo "1596"]
[BlackElo "1772"]
[PlyCount "46"]
[EventDate "2016.07.27"]
[EventType "team"]
[EventRounds "6"]
[WhiteTeam "CS Palatul Copiilor Constanta"]
[BlackTeam "CSM Focsani 2007"]

1. e4 c5 2. Nf3 Nc6 3. d4 cxd4 4. Nxd4 g6 5. Nc3 Bg7 6. Nxc6 bxc6 7. Bc4 d6 8.
O-O Nf6 9. Be3 O-O 10. Qd2 Nxe4 11. Nxe4 d5 12. Rad1 Qc7 13. Bxd5 cxd5 14. Ng3
Ba6 15. Rfe1 e6 16. Bh6 Bxh6 17. Qxh6 Qxc2 18. Rd2 Qc7 19. h3 Rac8 20. Re3 Qc1+
21. Kh2 Qxd2 22. Nh5 Qxb2 23. Rf3 Qe5+ 0-1

[Event "Campionatul National de sah clasic-2016"]
[Site "Calimanesti-Caciulata"]
[Date "2016.04.25"]
[Round "9.12"]
[White "Dicu, Dan Alexandru"]
[Black "Ion, Dragos-Cosmin"]
[Result "1-0"]
[WhiteElo "1944"]
[BlackElo "1762"]
[PlyCount "73"]
[EventDate "2016.04.18"]
[EventRounds "9"]

1. e4 c5 2. c4 Nc6 3. Nc3 g6 4. g3 Bg7 5. Nge2 e6 6. Bg2 Nge7 7. d3 O-O 8. Be3
d6 9. d4 cxd4 10. Nxd4 a6 11. O-O Bd7 12. Qd2 Qc7 13. Rac1 Rac8 14. b3 Rfd8 15.
f4 Nxd4 16. Bxd4 Bxd4+ 17. Qxd4 Qc5 18. Rfd1 Nc6 19. Qf2 Kf8 20. Na4 Qxf2+ 21.
Kxf2 Ke7 22. Nb6 Rc7 23. Rd2 Na7 24. Rcd1 Rc6 25. Nxd7 Rxd7 26. e5 Rb6 27. c5
Rb5 28. cxd6+ Ke8 29. Rc2 f6 30. Bh3 f5 31. Bg2 g5 32. Rdc1 gxf4 33. gxf4 Rb4
34. Ke3 Rg7 35. Bf3 Nb5 36. Rc8+ Kd7 37. R8c7+ 1-0

[Event "Campionatul National de sah clasic-2016"]
[Site "Calimanesti-Caciulata"]
[Date "2016.04.24"]
[Round "8.13"]
[White "Ion, Dragos-Cosmin"]
[Black "Chioran, Andrei-Ovidiu"]
[Result "1/2-1/2"]
[WhiteElo "1762"]
[BlackElo "1854"]
[PlyCount "121"]
[EventDate "2016.04.18"]
[EventRounds "9"]

1. e4 c5 2. Nf3 Nc6 3. d4 cxd4 4. Nxd4 g6 5. Nc3 Bg7 6. Be3 Nf6 7. Bc4 O-O 8.
Bb3 d6 9. f3 Bd7 10. Qd2 Ne5 11. O-O Rc8 12. Qe2 a6 13. a4 Qc7 14. Rfd1 Nc4 15.
Bxc4 Qxc4 16. Qxc4 Rxc4 17. Nb3 Nh5 18. Bd4 Bh6 19. Kf2 Bg7 20. Bxg7 Kxg7 21.
e5 Be6 22. exd6 exd6 23. Rxd6 Rfc8 24. Nd4 Rb4 25. Nxe6+ fxe6 26. Ra2 Kf6 27.
Nd5+ Ke5 28. Nxb4 Kxd6 29. c3 Kc5 30. b3 Nf4 31. Rd2 Nd5 32. Nxd5 exd5 33. Rd4
b5 34. axb5 axb5 35. b4+ Kd6 36. Rd3 Rc4 37. g3 g5 38. Ke3 Ke5 39. Kd2 d4 40.
f4+ gxf4 41. gxf4+ Ke4 42. Rxd4+ Rxd4+ 43. cxd4 Kxd4 44. f5 Ke5 45. Ke3 Kxf5
46. Kd4 Kg4 47. Kc5 Kh3 48. Kxb5 Kxh2 49. Kc5 h5 50. b5 h4 51. b6 h3 52. b7 Kg2
53. b8=Q h2 54. Qg8+ Kf1 55. Qd5 Kg1 56. Qg5+ Kh1 57. Qh4 Kg1 58. Qg4+ Kh1 59.
Qh3 Kg1 60. Qg3+ Kh1 61. Kd4 1/2-1/2

[Event "Campionatul National de sah clasic-2016"]
[Site "Calimanesti-Caciulata"]
[Date "2016.04.23"]
[Round "7.16"]
[White "Axin, Andrei"]
[Black "Ion, Dragos-Cosmin"]
[Result "0-1"]
[WhiteElo "1551"]
[BlackElo "1762"]
[PlyCount "108"]
[EventDate "2016.04.18"]
[EventRounds "9"]

1. e4 c5 2. Nf3 d6 3. Nc3 Nf6 4. Be2 g6 5. O-O Bg7 6. d3 O-O 7. Be3 Nc6 8. Qd2
Rb8 9. a4 a6 10. a5 Nxa5 11. Bh6 b5 12. Bxg7 Kxg7 13. e5 dxe5 14. Nxe5 Qc7 15.
f4 Nc6 16. Nxc6 Qxc6 17. Bf3 Qb6 18. Kh1 Bb7 19. Bxb7 Qxb7 20. f5 Rbd8 21. Qf4
Rd4 22. Qf3 Qxf3 23. Rxf3 Rd6 24. Re3 Re8 25. fxg6 hxg6 26. Ne4 Nxe4 27. Rxe4
e5 28. Rae1 Rde6 29. g3 f5 30. R4e2 Kf6 31. Kg2 a5 32. Kf3 g5 33. Ra1 g4+ 34.
Kg2 a4 35. c4 bxc4 36. dxc4 Ra6 37. b3 a3 38. Rea2 Rea8 39. Kf2 f4 40. Ke2 Kf5
41. gxf4 exf4 42. Rd1 Rh8 43. Rd5+ Ke4 44. Kf1 Rh3 45. Rxc5 Rxb3 46. Rb5 Rc3
47. Rg5 Rb6 48. Rb5 Rxb5 49. cxb5 Rb3 50. b6 Rb1+ 51. Kf2 Rb2+ 52. Rxb2 axb2
53. b7 b1=Q 54. b8=Q Qxb8 0-1

[Event "Campionatul National de sah clasic-2016"]
[Site "Calimanesti-Caciulata"]
[Date "2016.04.22"]
[Round "6.13"]
[White "Ion, Dragos-Cosmin"]
[Black "Stan, Andrei-Mihaita"]
[Result "0-1"]
[WhiteElo "1762"]
[BlackElo "1655"]
[PlyCount "58"]
[EventDate "2016.04.18"]
[EventRounds "9"]

1. e4 e6 2. d4 d5 3. Nc3 dxe4 4. Nxe4 Nf6 5. Nxf6+ Qxf6 6. Nf3 h6 7. Bd3 Bd6 8.
O-O O-O 9. Qe2 Nc6 10. Qe4 Qf5 11. Qh4 Be7 12. Qg3 Qf6 13. Bf4 Bd6 14. Be5 Bxe5
15. dxe5 Qe7 16. a3 b6 17. Be4 Bb7 18. Rfd1 Rfd8 19. c3 Rab8 20. b4 Nd4 21.
Nxd4 Bxe4 22. Qe3 Bb7 23. c4 Rd7 24. Rac1 Rbd8 25. c5 Rxd4 26. Rxd4 Rxd4 27. c6
Qd8 28. cxb7 Rd1+ 29. Qe1 Rxe1+ 0-1

[Event "Campionatul National de sah clasic-2016"]
[Site "Calimanesti-Caciulata"]
[Date "2016.04.21"]
[Round "5.13"]
[White "David, Cristian"]
[Black "Ion, Dragos-Cosmin"]
[Result "1-0"]
[WhiteElo "1726"]
[BlackElo "1762"]
[PlyCount "103"]
[EventDate "2016.04.18"]
[EventRounds "9"]

1. d4 Nf6 2. c4 c5 3. e3 cxd4 4. exd4 g6 5. Nc3 Bg7 6. Bd3 O-O 7. Nge2 d5 8.
cxd5 Nxd5 9. Be4 Nxc3 10. bxc3 Nc6 11. O-O Qc7 12. Be3 b6 13. Qc2 Bb7 14. Rac1
Na5 15. Rfd1 Rac8 16. f3 Nc4 17. Bf2 Bh6 18. f4 Rfd8 19. g4 e6 20. g5 Bf8 21.
Re1 Nd6 22. Bxb7 Qxb7 23. Qd3 Nc4 24. Bg3 Rd7 25. Kf2 Bg7 26. Qf3 Rd5 27. h4
Qd7 28. Rc2 Rf5 29. Kg2 e5 30. Qe4 exd4 31. Nxd4 Bxd4 32. cxd4 Rd5 33. Bf2 Kg7
34. Qd3 b5 35. a4 a6 36. axb5 axb5 37. Rce2 Nd6 38. Re5 Nf5 39. Rxd5 Qxd5+ 40.
Qf3 Rd8 41. Re5 Qxf3+ 42. Kxf3 b4 43. Rb5 Rxd4 44. Rxf5 Rd3+ 45. Ke2 Ra3 46.
Rb5 b3 47. Bd4+ f6 48. gxf6+ Kg8 49. Rb7 Ra2+ 50. Kd3 Ra5 51. f7+ Kf8 52. Bc3
1-0

[Event "Campionatul National de sah clasic-2016"]
[Site "Calimanesti-Caciulata"]
[Date "2016.04.21"]
[Round "4.8"]
[White "Ion, Dragos-Cosmin"]
[Black "Vasiliu, Cosmin"]
[Result "0-1"]
[WhiteElo "1762"]
[BlackElo "1977"]
[PlyCount "64"]
[EventDate "2016.04.18"]
[EventRounds "9"]

1. d4 Nf6 2. Nf3 g6 3. Bg5 Bg7 4. Nbd2 d6 5. e3 O-O 6. Bd3 Nc6 7. c3 e5 8. O-O
h6 9. Bh4 g5 10. Bg3 Qe8 11. Qc2 Nh5 12. dxe5 dxe5 13. e4 Bg4 14. h3 Be6 15.
Rfd1 Bf6 16. Nc4 Nf4 17. Bf1 Kg7 18. Ne3 Ne7 19. a4 Qc8 20. Bxf4 gxf4 21. Nd5
Ng6 22. Kh2 Bd8 23. g3 c6 24. Nb4 f5 25. exf5 Bxf5 26. Bd3 Bxh3 27. Bxg6 fxg3+
28. fxg3 Rxf3 29. Rxd8 Qxd8 30. Kxh3 Qg5 31. Qg2 Raf8 32. Re1 R8f4 0-1

[Event "Campionatul National de sah clasic-2016"]
[Site "Calimanesti-Caciulata"]
[Date "2016.04.20"]
[Round "3.5"]
[White "Calin, Alexandru"]
[Black "Ion, Dragos-Cosmin"]
[Result "1/2-1/2"]
[WhiteElo "2066"]
[BlackElo "1762"]
[PlyCount "101"]
[EventDate "2016.04.18"]
[EventRounds "9"]

1. d4 Nf6 2. c4 e6 3. g3 d5 4. Nf3 Be7 5. Bg2 O-O 6. O-O c6 7. Qc2 b6 8. b3
Nbd7 9. Rd1 Bb7 10. Nc3 Rc8 11. e4 dxe4 12. Ne5 Nxe5 13. dxe5 Nd7 14. Bxe4 h6
15. Qe2 Qc7 16. Bc2 Rfd8 17. f4 Nb8 18. Be3 c5 19. Be4 Bxe4 20. Nxe4 Nc6 21.
Qf3 Rd7 22. Rxd7 Qxd7 23. Rd1 Nd4 24. Bxd4 cxd4 25. Nf2 Bc5 26. Nd3 Qc6 27.
Qxc6 Rxc6 28. Kg2 a5 29. Kf3 Rc8 30. Ke4 f5+ 31. Kf3 Kf7 32. Ke2 g5 33. Kd2 g4
34. Kc2 h5 35. Kb2 h4 36. a3 hxg3 37. hxg3 Rh8 38. b4 Rh2+ 39. Kb3 Be7 40. Nb2
axb4 41. axb4 Bxb4 42. Rxd4 Rd2 43. Rd3 Rxd3+ 44. Nxd3 Bd2 45. Ka4 Ke7 46. Kb5
Be3 47. Kc6 Bd4 48. Nc1 Bf2 49. Ne2 Bc5 50. Kc7 Ke8 51. Kc8 1/2-1/2

[Event "Campionatul National de sah clasic-2016"]
[Site "Calimanesti-Caciulata"]
[Date "2016.04.19"]
[Round "2.6"]
[White "Ion, Dragos-Cosmin"]
[Black "Dumitru, Matei-Ioan"]
[Result "1/2-1/2"]
[WhiteElo "1762"]
[BlackElo "2020"]
[PlyCount "84"]
[EventDate "2016.04.18"]
[EventRounds "9"]

1. e4 e5 2. Nf3 Nc6 3. Bc4 d6 4. d4 exd4 5. Nxd4 g6 6. Nc3 Bg7 7. Be3 Nf6 8. f3
O-O 9. Nxc6 bxc6 10. O-O Re8 11. Re1 a5 12. Qd2 Bd7 13. Rad1 Qb8 14. a4 Qb4 15.
b3 Ng4 16. Bd4 Ne5 17. Bf1 c5 18. Bxe5 Bxe5 19. Nd5 Qxd2 20. Rxd2 Ra7 21. Red1
Kg7 22. Kh1 f5 23. f4 Bd4 24. c3 c6 25. cxd4 cxd5 26. dxc5 dxc5 27. exd5 Re4
28. Rc2 Rc7 29. g3 Re3 30. Bc4 Rc8 31. Re2 Rce8 32. Rde1 Rxe2 33. Rxe2 Rxe2 34.
Bxe2 Kf6 35. Bc4 Ke7 36. Kg2 Kd6 37. Kf3 Bc8 38. Ke3 Bb7 39. Kd3 Bxd5 40. h3
Bxc4+ 41. Kxc4 Kc7 42. g4 h6 1/2-1/2

[Event "Campionatul National de sah clasic-2016"]
[Site "Calimanesti-Caciulata"]
[Date "2016.04.18"]
[Round "1.4"]
[White "Ciorgovean, Iustin"]
[Black "Ion, Dragos-Cosmin"]
[Result "0-1"]
[WhiteElo "2134"]
[BlackElo "1762"]
[PlyCount "72"]
[EventDate "2016.04.18"]
[EventRounds "9"]

1. d4 Nf6 2. c4 e6 3. g3 d5 4. Nf3 Bb4+ 5. Bd2 Be7 6. Bg2 O-O 7. O-O c6 8. Qc2
b6 9. Rd1 Nbd7 10. Bf4 Bb7 11. b3 Nh5 12. Bc1 f5 13. Nc3 Rc8 14. Bb2 Bd6 15.
Rac1 Qe7 16. Qd2 Nhf6 17. Qe3 Ne4 18. Rc2 Ndf6 19. Qc1 Ng4 20. e3 g5 21. Rf1 f4
22. Bh3 h5 23. exf4 gxf4 24. Qe1 c5 25. Nb5 Bb8 26. Bg2 Rf7 27. Nc3 Rcf8 28.
dxc5 fxg3 29. fxg3 Qxc5+ 30. Kh1 Ne3 31. Nxe4 dxe4 32. Qc3 Be5 33. Qxe5 Qxe5
34. Bxe5 exf3 35. Rff2 fxg2+ 36. Kg1 Nxc2 {(albul cedeaza)} 0-1

[Event "Campionatul  National de sah pentru cop"]
[Site "Calimanesti-Caciulata"]
[Date "2015.04.06"]
[Round "9.18"]
[White "Ion, Dragos-Cosmin"]
[Black "Ilonczai, Levente-David"]
[Result "0-1"]
[WhiteElo "1428"]
[BlackElo "1742"]
[PlyCount "62"]
[EventDate "2015.03.30"]
[EventRounds "7"]

1. d4 f5 2. c4 e6 3. Nc3 Nf6 4. e3 d5 5. Bd3 c6 6. Nge2 Bd6 7. Qc2 Ne4 8. O-O
O-O 9. f3 Nxc3 10. Nxc3 Qf6 11. c5 Bc7 12. f4 Nd7 13. b4 Qg6 14. b5 Nf6 15. Bd2
Ne4 16. Rab1 Rf6 17. Bxe4 fxe4 18. bxc6 bxc6 19. Qa4 e5 20. dxe5 Bxe5 21. fxe5
Bh3 22. g3 Rxf1+ 23. Rxf1 Bxf1 24. Kxf1 Qf5+ 25. Ke1 Qf3 26. Qxc6 Rf8 27. Qe6+
Kh8 28. Qh3 g5 29. Bc1 g4 30. Qh6 Qf1+ 31. Kd2 Qd3+ 0-1

[Event "Campionatul  National de sah pentru cop"]
[Site "Calimanesti-Caciulata"]
[Date "2015.04.05"]
[Round "8.15"]
[White "Datcu-Goiceanu, David"]
[Black "Ion, Dragos-Cosmin"]
[Result "1-0"]
[WhiteElo "1813"]
[BlackElo "1428"]
[PlyCount "85"]
[EventDate "2015.03.30"]
[EventRounds "7"]

1. e4 e5 2. Bc4 Nc6 3. Nf3 Bc5 4. O-O d6 5. c3 Bg4 6. h3 Bxf3 7. Qxf3 Nf6 8. d3
h6 9. Nd2 a5 10. Re1 O-O 11. Bb3 Ne7 12. Nf1 Ng6 13. g3 c6 14. Ne3 a4 15. Bc2
d5 16. Nf5 Nh7 17. h4 Re8 18. Be3 Bxe3 19. Qxe3 Ne7 20. Nxe7+ Qxe7 21. d4 exd4
22. Qxd4 dxe4 23. Rxe4 Qd8 24. Qxd8 Raxd8 25. Rxe8+ Rxe8 26. Bxa4 Re2 27. Rb1
Nf6 28. Bd1 Rd2 29. Bf3 Kf8 30. Kf1 Ke7 31. Ke1 Rd8 32. Rd1 Ra8 33. a3 Ra5 34.
Rd3 g6 35. Kd2 h5 36. Re3+ Kd7 37. c4 Ra8 38. b4 Rc8 39. Ke2 b5 40. c5 Rc7 41.
Rd3+ Ke7 42. Rd6 Nd7 43. Bxc6 1-0

[Event "Campionatul  National de sah pentru cop"]
[Site "Calimanesti-Caciulata"]
[Date "2015.04.04"]
[Round "7.21"]
[White "Balteanu, Luca-Andrei"]
[Black "Ion, Dragos-Cosmin"]
[Result "0-1"]
[WhiteElo "1507"]
[BlackElo "1428"]
[PlyCount "56"]
[EventDate "2015.03.30"]
[EventRounds "7"]

1. d4 Nf6 2. c4 e6 3. Nf3 Bb4+ 4. Bd2 Qe7 5. a3 Bxd2+ 6. Qxd2 Nc6 7. Nc3 d6 8.
g3 O-O 9. Bg2 e5 10. O-O Bg4 11. e3 Rfe8 12. Rfe1 h6 13. h3 Bf5 14. e4 Bh7 15.
d5 Na5 16. Qe2 Nb3 17. Rad1 Nc5 18. Nd2 a5 19. f3 Nh5 20. Qf2 Nd3 21. Qe3 Nxe1
22. Qxe1 g6 23. g4 Nf4 24. Nf1 f5 25. Ne3 Rf8 26. Ne2 Rf6 27. Ng3 Nxg2 28. Kxg2
f4 0-1

[Event "Campionatul  National de sah pentru cop"]
[Site "Calimanesti-Caciulata"]
[Date "2015.04.03"]
[Round "6.15"]
[White "Ion, Dragos-Cosmin"]
[Black "Ciorgovean, Iustin"]
[Result "0-1"]
[WhiteElo "1428"]
[BlackElo "1729"]
[PlyCount "64"]
[EventDate "2015.03.30"]
[EventRounds "7"]

1. d4 Nf6 2. c4 g6 3. Nc3 Bg7 4. e4 d6 5. f3 O-O 6. Bg5 c5 7. d5 e6 8. Qd2 exd5
9. cxd5 h6 10. Be3 a6 11. a4 Re8 12. Nge2 Nbd7 13. Nc1 h5 14. Be2 b6 15. O-O
Bb7 16. Rb1 Qc7 17. Nd3 Nxd5 18. Nxd5 Bxd5 19. Nxc5 Nxc5 20. Qxd5 Nxa4 21. Rfc1
Qe7 22. Rc6 Bxb2 23. Qb3 b5 24. Rxb2 Nxb2 25. Qxb2 Rec8 26. Rxc8+ Rxc8 27. Bh6
Qe5 28. Qa2 g5 29. Qd2 f6 30. f4 Qxe4 31. fxg5 Rc2 32. Qxd6 Qe3+ 0-1

[Event "Campionatul  National de sah pentru cop"]
[Site "Calimanesti-Caciulata"]
[Date "2015.04.02"]
[Round "5.23"]
[White "Carasca, Andrei-Pavel"]
[Black "Ion, Dragos-Cosmin"]
[Result "0-1"]
[WhiteElo "1397"]
[BlackElo "1428"]
[PlyCount "57"]
[EventDate "2015.03.30"]
[EventRounds "7"]

1. d4 Nf6 2. Nf3 e6 3. Bg5 c5 4. e3 b6 5. Nbd2 Bb7 6. Bd3 Be7 7. O-O O-O 8. c3
Nc6 9. e4 cxd4 10. Nxd4 Ne5 11. Bc2 Ng6 12. f3 h6 13. Be3 a6 14. Rf2 Qc7 15.
N2b3 d5 16. exd5 Nxd5 17. Bd2 Ne5 18. Bc1 Rfd8 19. Be4 Nf6 20. Bxb7 Qxb7 21.
Qc2 Ng6 22. Bd2 Rac8 23. Rd1 b5 24. Bc1 b4 25. Na5 Qb6 26. Nac6 Rxc6 27. Nxc6
Qxc6 28. cxb4 Rxd1+ 29. Qxd1 0-1

[Event "Campionatul  National de sah pentru cop"]
[Site "Calimanesti-Caciulata"]
[Date "2015.04.02"]
[Round "4.17"]
[White "Ion, Dragos-Cosmin"]
[Black "Chioran, Andrei-Ovidiu"]
[Result "0-1"]
[WhiteElo "1428"]
[BlackElo "1697"]
[PlyCount "50"]
[EventDate "2015.03.30"]
[EventRounds "7"]

1. d4 Nf6 2. c4 g6 3. Nc3 Bg7 4. e4 d6 5. f3 O-O 6. Bg5 Nbd7 7. Nge2 c5 8. d5
Ne5 9. Nc1 h6 10. Be3 a6 11. a4 Qb6 12. Qd2 Kh7 13. a5 Qc7 14. Na4 Nfd7 15. Be2
b5 16. cxb5 axb5 17. Nb6 Nxb6 18. axb6 Qb7 19. Rxa8 Qxa8 20. Bxb5 Bd7 21. Bxd7
Nxd7 22. O-O Nxb6 23. b4 Nc4 24. Qe2 Nxe3 25. Re1 Bd4 0-1

[Event "Campionatul  National de sah pentru cop"]
[Site "Calimanesti-Caciulata"]
[Date "2015.03.31"]
[Round "2.28"]
[White "Ion, Dragos-Cosmin"]
[Black "Dorobantu, Andrei-Ovidiu"]
[Result "1-0"]
[WhiteElo "1428"]
[BlackElo "1001"]
[PlyCount "41"]
[EventDate "2015.03.30"]
[EventRounds "7"]

1. d4 d5 2. c4 c6 3. Nf3 Nf6 4. Nc3 Bg4 5. cxd5 cxd5 6. Bf4 e6 7. Ne5 Bd6 8.
Qa4+ Nbd7 9. Nxd7 Qxd7 10. Bxd6 Qxa4 11. Nxa4 Rd8 12. Bb4 b6 13. e3 a5 14. Ba3
Rb8 15. Bb5+ Nd7 16. O-O Be2 17. Bxe2 b5 18. Bd6 bxa4 19. Bxb8 Nxb8 20. Bb5+
Ke7 21. Rac1 1-0

[Event "Campionatul  National de sah pentru cop"]
[Site "Calimanesti-Caciulata"]
[Date "2015.03.30"]
[Round "1.14"]
[White "Padurean, Daniel Cristian"]
[Black "Ion, Dragos-Cosmin"]
[Result "1-0"]
[WhiteElo "1763"]
[BlackElo "1428"]
[PlyCount "59"]
[EventDate "2015.03.30"]
[EventRounds "7"]

1. e4 e5 2. Nf3 Nc6 3. Nc3 Nf6 4. a3 g6 5. Nxe5 Nxe5 6. d4 Nc6 7. d5 Ne5 8. f4
d6 9. fxe5 dxe5 10. Bb5+ Nd7 11. Qf3 Bg7 12. Be3 O-O 13. O-O a6 14. Bc4 b5 15.
Bb3 Bb7 16. d6 cxd6 17. Bxf7+ Kh8 18. Qh3 g5 19. Be6 Nc5 20. Rxf8+ Qxf8 21. Bf5
Qg8 22. Bxg5 Bc8 23. Be7 Nb7 24. Nd5 Bxf5 25. Qxf5 Qc8 26. Qf7 Qe8 27. Qf3 Rc8
28. c3 Rc5 29. Bf6 Qg6 30. Rf1 1-0

[Event "Calimanesti ROM, Ch U14 (b) 2014"]
[Site "Calimanesti ROM"]
[Date "2014.04.13"]
[Round "9.21"]
[White "Ion, Dragos-Cosmin"]
[Black "Apahidean, Ioan"]
[Result "1/2-1/2"]
[WhiteElo "1399"]
[BlackElo "1662"]
[PlyCount "84"]
[EventDate "2014.04.06"]
[EventType "swiss"]
[EventRounds "9"]
[EventCountry "ROM"]

1. e4 c5 2. Nf3 Nc6 3. d4 cxd4 4. Nxd4 g6 5. Nc3 Bg7 6. Be3 Nf6 7. f3 d6 8. Bc4
Bd7 9. Qd2 Qc7 10. Bb3 h5 11. h4 a6 12. O-O-O b5 13. Kb1 Ne5 14. Nd5 Nxd5 15.
Bxd5 Rc8 16. Rc1 Nc4 17. Bxc4 bxc4 18. c3 Rb8 19. Rhg1 Qb7 20. Qc2 d5 21. Ka1
dxe4 22. fxe4 O-O 23. Rge1 Ba4 24. Qf2 Qc7 25. Nc2 Qa5 26. Bd4 e5 27. Bc5 Rb7
28. Bb4 Rxb4 29. cxb4 Qc7 30. Na3 Bb5 31. Nxc4 Rc8 32. Qc2 Bh6 33. Ne3 Qxc2 34.
Rxc2 Rd8 35. b3 Bd3 36. Rd2 Rd4 37. Kb2 Bxe4 38. Rxd4 exd4 39. Nc2 Bxg2 40.
Nxd4 Bg7 41. Kc3 Bf6 42. Re2 Bb7 1/2-1/2

[Event "Calimanesti ROM, Ch U14 (b) 2014"]
[Site "Calimanesti ROM"]
[Date "2014.04.12"]
[Round "8.26"]
[White "Rolea, Florin-Alexandru"]
[Black "Ion, Dragos-Cosmin"]
[Result "0-1"]
[WhiteElo "1322"]
[BlackElo "1399"]
[PlyCount "84"]
[EventDate "2014.04.06"]
[EventType "swiss"]
[EventRounds "9"]
[EventCountry "ROM"]

1. b3 Nf6 2. Bb2 g6 3. Nf3 Bg7 4. e3 O-O 5. d4 d6 6. Be2 Nbd7 7. O-O c5 8. Nbd2
Qc7 9. c4 cxd4 10. exd4 Re8 11. Bd3 Nf8 12. Ne4 Nxe4 13. Bxe4 Bg4 14. h3 Bxf3
15. Qxf3 Rab8 16. Rfe1 Ne6 17. Red1 Ng5 18. Qe2 Nxe4 19. Qxe4 Rbd8 20. Qe3 a6
21. Qe2 e5 22. d5 f5 23. Re1 Qe7 24. Rab1 e4 25. Bxg7 Qxg7 26. Qe3 Qf6 27. g3
g5 28. Qb6 Qf7 29. Qe3 f4 30. Qd4 Qf5 31. g4 Qg6 32. Qb6 Rd7 33. Qd4 Rde7 34.
Qc3 e3 35. f3 e2 36. Qb2 Qd3 37. Qf6 Qxf3 38. Qxg5+ Rg7 39. Qh4 Qe3+ 40. Qf2
Qxh3 41. Qh2 Rxg4+ 42. Kf2 Qe3# 0-1

[Event "Calimanesti ROM, Ch U14 (b) 2014"]
[Site "Calimanesti ROM"]
[Date "2014.04.11"]
[Round "7.21"]
[White "Ion, Dragos-Cosmin"]
[Black "Ciorgovean, Iustin"]
[Result "0-1"]
[WhiteElo "1399"]
[BlackElo "1575"]
[PlyCount "68"]
[EventDate "2014.04.06"]
[EventType "swiss"]
[EventRounds "9"]
[EventCountry "ROM"]

1. e4 c5 2. Nf3 d6 3. d4 cxd4 4. Nxd4 Nf6 5. Nc3 g6 6. Be3 Bg7 7. f3 O-O 8. Bc4
Nc6 9. Qd2 Bd7 10. O-O-O Rc8 11. Bb3 Qa5 12. Kb1 a6 13. Nxc6 Rxc6 14. Nd5 Qd8
15. Bh6 Nxd5 16. Bxg7 Kxg7 17. Bxd5 Rc7 18. g4 Rh8 19. h4 h5 20. g5 Bc6 21. Bb3
Qd7 22. Qf4 Rf8 23. e5 d5 24. c4 e6 25. Rd3 b5 26. cxd5 Bxd5 27. Bxd5 exd5 28.
Qf6+ Kg8 29. Qxa6 Rfc8 30. Qa5 Qf5 31. Qd2 Rc2 32. Qe3 Rg2 33. Rc1 Rc4 34. Rcc3
d4 0-1

[Event "Calimanesti ROM, Ch U14 (b) 2014"]
[Site "Calimanesti ROM"]
[Date "2014.04.10"]
[Round "6.24"]
[White "Botocan, Cristian-Alexandru"]
[Black "Ion, Dragos-Cosmin"]
[Result "1/2-1/2"]
[WhiteElo "1528"]
[BlackElo "1399"]
[PlyCount "72"]
[EventDate "2014.04.06"]
[EventType "swiss"]
[EventRounds "9"]
[EventCountry "ROM"]

1. e4 c5 2. Nc3 Nc6 3. f4 e6 4. Nf3 g6 5. Bb5 Bg7 6. Bxc6 dxc6 7. e5 Ne7 8. Ne4
b6 9. Nd6+ Kf8 10. Ng5 Qd7 11. Ngxf7 Rg8 12. O-O Nf5 13. d3 Ba6 14. Nxf5 gxf5
15. Nd6 Ke7 16. Qe1 Kd8 17. Qh4+ Kc7 18. Qh5 Bf8 19. Nc4 Bxc4 20. dxc4 Qd4+ 21.
Kh1 Rg7 22. Qe2 Rd8 23. c3 Qd3 24. Qxd3 Rxd3 25. Kg1 Rgd7 26. Kf2 Rd1 27. Be3
Rxa1 28. Rxa1 b5 29. cxb5 cxb5 30. Ke2 Kc6 31. b3 a5 32. c4 bxc4 33. bxc4 Rb7
34. Rd1 Be7 35. Kd3 Rb4 36. Kc3 Ra4 1/2-1/2

[Event "Calimanesti ROM, Ch U14 (b) 2014"]
[Site "Calimanesti ROM"]
[Date "2014.04.09"]
[Round "4.21"]
[White "Carasca, Bogdan-Petru"]
[Black "Ion, Dragos-Cosmin"]
[Result "1-0"]
[WhiteElo "1573"]
[BlackElo "1399"]
[PlyCount "61"]
[EventDate "2014.04.06"]
[EventType "swiss"]
[EventRounds "9"]
[EventCountry "ROM"]

1. d4 Nf6 2. c4 e6 3. Nc3 Bb4 4. Qc2 b6 5. Nf3 Bb7 6. Bg5 O-O 7. e3 d6 8. Be2
Nbd7 9. a3 Bxc3+ 10. Qxc3 c5 11. Qb3 Qc7 12. O-O d5 13. Bf4 Qc6 14. cxd5 Qxd5
15. Qxd5 Bxd5 16. Bd6 Rfc8 17. Ba6 Rc6 18. Bg3 Rac8 19. Bxc8 Rxc8 20. Ne5 Nxe5
21. Bxe5 Ne4 22. Rac1 Nd2 23. Rfd1 Nc4 24. e4 Nxb2 25. exd5 Nxd1 26. Rxd1 cxd4
27. dxe6 fxe6 28. Bxd4 Rd8 29. Rd2 e5 30. Be3 Rc8 31. g3 1-0